Регионална библиотека "Любен Каравелов" - Русе

Времена (Запис номер 32025)

MARC детайли
000 -Лидер
Контролно поле с фиксирана дължина 01460nam a2200349 c 4500
003 - Код на организацията, давaща контролен номер
Контролно поле BLK
005 - Дата и час на последна редакция
Контролно поле 20241105005514.0
008 - Елементи от данни с фиксирана дължина
fixed length control field 180407b bul|||||r ||||||| ||bul||
010 ## - Наследен системен номер
LC control number KNG00034694000
020 ## - Международен стандартен номер на книга ISBN
Международен стандартен номер на книга ISBN 954-439-659-4
-- издат.: Слово
040 ## - Източник на каталожния запис
Идентификатор на билиотеката - собственик на записа BLK
041 ## - Код за език
Код за езика на текст/звукозапис или на отделно заглавие Български
Код за езика КДБФ Български
080 ## - УДК
Текстов определител УДК Българска литература
УДК код - определител по УДК 821.163.2
УДК определител -1
УДК - код + определител 821.163.2-1
100 ## - Редна дума - Автор
Автор Димитрова, Блага Николова
Дати, свързани с автора 1922 - 2003
Автор - информация (биография) Писателка, поетеса, драматург, публицист, преводачка
R(LIN) 363629
139 ## - Редно поле
Редна дума Димитрова, Блага Николова
Авторски знак Димк - Д 59
245 10 - Сведения за заглавието
Заглавие Времена
Подзаглавни данни Стихотворения
Редно поле (дума) Блага Николова Димитрова; състав. Елена Налбантова.
257 ## - Страна на издаване
Страна на създаване/издаване България
260 ## - Област на издателските данни
-- В. Търново
Име на издателя, разпространителя и проч. Слово
Година на издаване 2000
Печатница В. Търново : Абагар АД
300 ## - Физическа характеристика
Страници 232 с.
Размери/Мащаб 20 см
380 ## - Жанр
Жанр Худож. лит.
490 1# - СЕРИИ (Колекции)
Име на серия Нова българска библиотека
490 1# - СЕРИИ (Колекции)
-- Подсерия
Име на серия Поезия
500 ## - Общи забележки
Забележка Офс. изд. - 2 000 тир. ; Доп. тир. 2003. - Подборна библиогр.
653 ## - Ключова дума – ненормативна
Ключова дума стихотворения
700 1# - Други автори (авторска отговорност)
Лично име Налбантова, Елена
Автороска отговорност (Описва отношението между автора и произведението) състав.
9 (RLIN) 272002
852 ## - Местоположение
Форматна сигнатура Цб 206871
856 4# - Електронен адрес и достъп
Електронен формат pdf - файл
Път до файла /url/
856 4# - Електронен адрес и достъп
Електронен формат pdf - файл
Път до файла /url/
942 ## - АРТИКУЛИ
Вид на библиотечния материал Книги
Скрит в OPAC Не
Koha issues (borrowed), all copies 1
944 ## - СЪЗДАВАНЕ И РЕДАКЦИЯ на ЗАПИСА
Създаване/Редакция Създаване
Дата на регистрацията/редакция 15.01.2003
Служител, извършил регистрацията/редакцията
Статус, дата на статуса CRON CRON
944 ## - СЪЗДАВАНЕ И РЕДАКЦИЯ на ЗАПИСА
Създаване/Редакция Редакция
Дата на регистрацията/редакция 16.09.2004
Служител, извършил регистрацията/редакцията
999 ## - СИСТЕМНИ КОНТРОЛНИ НОМЕРА
Koha biblionumber 32025
Koha biblioitemnumber 32025
Наличности
Код за отписване Код за изгубен артикул Източник на класификационната схема Код за повреда Коз за рестрикции Код за отдаване Артикулен № Име на библиотеката - собственик Име на библиотеката, в която се намира в момента Статус (Текущо местоположение) Дата на вписване в системата Местоположение - отдел Цена в лева Инвентарен номер Систематично азбучна сигнатура Баркод Номер на екземпляра Цена в евро Служебна бележка Служебен тип на артикула
  Не е изгубен Universal Decimal Classification Не е повреден без рестрикции ползва се в читалня 50990 Регионална библиотека "Любен Каравелов" Русе Регионална библиотека "Любен Каравелов" Русе Хранилище 2001-01-01 Хранилище 5.00 661185 Цб 206871 120000661185 1 2.56 Дост: Dp Вид: С N: стар фонд Дата: 01.01.2000 Книги
  Не е изгубен   Не е повреден без рестрикции заемане за дома 50991 Регионална библиотека "Любен Каравелов" Русе Регионална библиотека "Любен Каравелов" Русе Заемна - подръчен фонд 2004-09-15 Заемна - подръчен фонд 5.00 120000688406 П 886.7-1/Д 59 120000688406 2 2.56 Дост: Pk Вид: Ф N: 8883 Дата: 03.09.2004 Дата инв: 13.02.2018 Бележки инв: П2018 Книги
  Не е изгубен   Не е повреден без рестрикции заемане за дома 50992 Регионална библиотека "Любен Каравелов" Русе Регионална библиотека "Любен Каравелов" Русе Заемна - подръчен фонд 2004-09-15 Заемна - подръчен фонд 5.00 120000688407 П 886.7-1/Д 59 120000688407 3 2.56 Дост: Pk Вид: Ф N: 8883 Дата: 03.09.2004 Дата инв: 07.02.2018 Бележки инв: П2018 Книги
Vip Innovations Ltd, Rousse, Bulgaria 2025